Call Me When You Break Up - Selena Gomez & Gracie Abrams - All Lyrics - Statistics

General Stats
  • This quiz has been taken 43 times
    14 since last reset
  • The average score is 215 of 303
Answer Stats
Answer % Correct
ah, ah)
100%
(Ah-ah-ah,
100%
ah-ah-ah,
100%
break
100%
Call
100%
call
100%
me
100%
Oh,
100%
up
100%
up?
100%
up,
100%
when
100%
you
100%
you-)
100%
You
100%
I
91%
the
91%
a
82%
be
82%
for
82%
I'm
82%
of
82%
on
82%
your
82%
And
73%
(And
73%
can
73%
first
73%
know
73%
make
73%
miss
73%
my
73%
off
73%
one
73%
so
73%
wanna
73%
what
73%
you're
73%
about
64%
could
64%
could)
64%
down,
64%
ever
64%
every
64%
feel
64%
In
64%
in
64%
it
64%
it,
64%
mind
64%
new
64%
takin'
64%
talk
64%
that
64%
wake
64%
was
64%
we'd
64%
We'd
64%
Won't
64%
don't
55%
feelin'
55%
forever
55%
forget
55%
I'd
55%
Look,
55%
made
55%
makeup
55%
maybe
55%
name
55%
outta
55%
take
55%
their
55%
there
55%
to
55%
until
55%
us,
55%
way
55%
We're
55%
will
55%
along
45%
always
45%
basement
45%
comes
45%
from
45%
have
45%
here,
45%
I'll
45%
I've
45%
show
45%
skipping
45%
stay
45%
stranger
45%
they
45%
time
45%
um
45%
want
45%
bankrupt
36%
bars,
36%
beds
36%
cracks
36%
day
36%
each
36%
emotionally
36%
faith
36%
like
36%
looked
36%
mean,
36%
medication
36%
obvious
36%
other,
36%
pavement
36%
replacement
36%
space
36%
strangers'
36%
Tried
36%
worth
36%
found
27%
lack
27%
luck,
27%
meant
27%
person
27%
picked
27%
battlin'
18%
God,
18%
Unless
18%
No matching quizzes found
Score Distribution
Percent of People with Each Score
Percentile by Number Answered
Your Score History
You have not taken this quiz since the last reset